[Event "GER-chT U14 Girls"]
[Site "Regensburg"]
[Date "2014.12.28"]
[Round "4.3"]
[White "Hauner, Sara Marie"]
[Black "Takeuchi, Alina"]
[Result "0-1"]
[WhiteElo "756"]
[BlackElo "920"]
[PlyCount "86"]
[EventDate "2014.12.27"]
[EventType "team-swiss"]
[EventRounds "7"]
[EventCountry "GER"]
[SourceTitle "EXT 2016"]
[Source "ChessBase"]
[SourceDate "2015.10.08"]
[SourceVersion "1"]
[SourceVersionDate "2015.10.08"]
[SourceQuality "1"]
[WhiteTeam "Regensburg Bavaria"]
[BlackTeam "Duesseldorf"]
[WhiteTeamCountry "GER"]
[BlackTeamCountry "GER"]

1. e4 d5 2. exd5 Qxd5 3. Nc3 Qd6 4. d4 a6 5. Nf3 e6 6. g3 Be7 7. Bf4 Qb6 8. Qd2 Qxb2 9. Rb1 Qa3 10. Rb3 Qa5 11. Bc4 b5 12. Bd3 Nf6 13. 0-0 0-0 14. Ne5 c5 15. Ne4 Qxd2 16. Nxd2 c4 17. Bxc4 bxc4 18. Ndxc4 Rd8 19. Nf3 Nc6 20. c3 a5 21. a4 Ra7 22. Rb6 Bd7 23. Nce5 Nxe5 24. Bxe5 h6 25. Nd2 Bxa4 26. Ra1 Nd5 27. Rb2 Nxc3 28. Rc1 Ne2+ 29. Kf1 Nxc1 30. Rb1 Nd3 31. Nb3 Rc8 32. Ke2 Nxe5 33. dxe5 Bb5+ 34. Kf3 Rc3+ 35. Kg2 Bc6+ 36. Kf1 Rd7 37. Nxa5 Rd2 38. Nxc6 Rxc6 39. Ke1 Rcc2 40. Rb7 Re2+ 41. Kd1 Rcd2+ 42. Kc1 Ba3+ 43. Kb1 Rd1# 0-1

[Event "GER-chT U14 Girls"]
[Site "Regensburg"]
[Date "2014.12.27"]
[Round "1.3"]
[White "Takeuchi, Alina"]
[Black "Schilay, Maria"]
[Result "1-0"]
[WhiteElo "920"]
[BlackElo "1234"]
[PlyCount "47"]
[EventDate "2014.12.27"]
[EventType "team-swiss"]
[EventRounds "7"]
[EventCountry "GER"]
[SourceTitle "EXT 2016"]
[Source "ChessBase"]
[SourceDate "2015.10.08"]
[SourceVersion "1"]
[SourceVersionDate "2015.10.08"]
[SourceQuality "1"]
[WhiteTeam "Duesseldorf"]
[BlackTeam "Neumarkt"]
[WhiteTeamCountry "GER"]
[BlackTeamCountry "GER"]

1. e4 e5 2. Nf3 Nc6 3. d4 Nxd4 4. Nxd4 exd4 5. Qxd4 Be7 6. Nc3 f6 7. Bd2 d6 8. 0-0-0 Be6 9. f4 Bg4 10. Re1 Qd7 11. h3 Be6 12. f5 Bf7 13. g4 b6 14. h4 0-0-0 15. Ba6+ Kb8 16. a4 Ka8 17. Nb5 c6 18. Nc3 c5 19. Qd3 Rb8 20. e5 Qc7 21. Qe4+ d5 22. Nxd5 Qc6 23. e6 Be8 24. Nc7# 1-0